| 000 | 00824nam a2200205 a 4500 | ||
|---|---|---|---|
| 003 | 0 | ||
| 005 | 20250421091430.0 | ||
| 008 | 970114s19uu xx 00 eng d | ||
| 050 |
_aPGS LB 1044.87 _b.V713 2003 |
||
| 100 | _aVillafuerte, Anna Victoria. | ||
| 245 |
_aGrade six school year 2002 -2003 a comparative study between the WWW (World Wide Web) and traditional classroom learning / _cAnna Victoria Villafuerte. |
||
| 260 |
_aLas PiƱas City, Philippines : _bSouthville International School and Colleges, _c2003. |
||
| 300 |
_a31 pages : _billustrations ; _c28 cm. |
||
| 504 | _aIncludes bibliographic references. | ||
| 650 | _aWeb-based instruction. | ||
| 650 | _aClassroom environment. | ||
| 650 | _aInternet in education. | ||
| 650 |
_aEducation _vEffect of technological innovations on. |
||
| 942 |
_2lcc _cPASS |
||
| 999 |
_c96932 _d96932 |
||